Pays par espèce endémique - Statistiques

Statistiques générales
  • Ce quiz a été pris 899 fois
  • Le résultat moyen est 7 sur 15
Statistiques - réponses
Par images Hint Réponse % Correct
Panda géant Chine
97%
Kiwi Nouvelle-Zélande
86%
Ornithorynque Australie
85%
Lémurien Madagascar
82%
Varan de Komodo Indonésie
58%
Séquoia géant États-Unis
51%
Phoque du Baïkal Russie
51%
Bonobo République Démocratique du Congo
43%
Arganier Maroc
29%
Iguane marin Équateur (Galápagos)
22%
Gavial Inde
22%
Paradisier Papouasie-Nouvelle-Guinée
21%
Dragonnier de Socotra Yémen
20%
Gélada Éthiopie
7%
Loris grêle Sri Lanka
2%
Aucun quiz correspondant
Distribution des résultats
% des personnes avec chaque résultat
Percentile par nombre de réponses
Votre historique - résultats
Vous n’avez pas pris ce quiz